Amerigo y el Nuevo Mundo / (Registro nro. 168834)

Detalles MARC
000 -LEADER
campo de control de longitud fija 00789nam a22002295i 4500
001 - NÚMERO DE CONTROL
campo de control 168834
003 - IDENTIFICADOR DE NÚMERO DE CONTROL
campo de control ES-MaACL
005 - FECHA Y HORA DE LA ÚLTIMA TRANSACCIÓN
campo de control 20250804062605.0
008 - DATOS DE LONGITUD FIJA--INFORMACIÓN GENERAL
campo de control de longitud fija 080613s1990 sp |||| | spa d
020 ## - NÚMERO INTERNACIONAL ESTÁNDAR DEL LIBRO
Número Internacional Estándar del Libro 84-206-0456-9
080 ## - NÚMERO DE LA CLASIFICACIÓN DECIMAL UNIVERSAL
Número de la Clasificación Decimal Universal 929 Vespucci, Amerigo
100 1# - ENTRADA PRINCIPAL--NOMBRE DE PERSONA
Nombre de persona Arciniegas, Germán.
9 (RLIN) 22498
245 10 - MENCIÓN DEL TÍTULO
Título Amerigo y el Nuevo Mundo /
Mención de responsabilidad, etc. Germán Arciniegas.
260 ## - PUBLICACIÓN, DISTRIBUCIÓN, ETC.
Lugar de publicación, distribución, etc. Madrid :
Nombre del editor, distribuidor, etc. Alianza Editorial,
Fecha de publicación, distribución, etc. [1990]
300 ## - DESCRIPCIÓN FÍSICA
Extensión 364 p. ;
Dimensiones 18 cm.
490 1# - MENCIÓN DE SERIE
Mención de serie El libro de bolsillo ;
Designación de volumen o secuencia 1456.
Mención de serie Humanidades
500 ## - NOTA GENERAL
Nota general Bibliografía : p. 354-362.
600 14 - PUNTO DE ACCESO ADICIONAL DE MATERIA--NOMBRE DE PERSONA
Nombre de persona Vespucci, Amerigo.
9 (RLIN) 114224
830 03 - PUNTO DE ACCESO ADICIONAL DE SERIE-TÍTULO UNIFORME
Título uniforme El libro de bolsillo.
Nombre de parte o sección de la obra Humanidades
Designación de volumen o secuencia 1456.
9 (RLIN) 178672
852 ## - LOCALIZACIÓN
Ubicación ES-MaACL
Número de control de estantería E-12180
itemnumber R.190427
Nota libre .- Biblioteca Jacinto Martínez Lacalle
Existencias
Estatus retirado Estado de pérdida Estado de daño No para préstamo Biblioteca de origen Biblioteca actual Ubicación en estantería Fecha de adquisición Fuente de adquisición Total de préstamos Signatura topográfica completa Código de barras Visto por última vez Precio de reemplazo Tipo de ítem Koha
        Biblioteca del Ateneo de Madrid Biblioteca del Ateneo de Madrid Depósito 2 13/06/2008     E-12180 1177180 23/02/2023 23/02/2023 Libro impreso